Mark Harmon Filmography - Statistics

General Stats
  • This quiz has been taken 11 times
    3 since last reset
  • The average score is 3 of 83
Answer Stats
Type Year Name % Correct
Film 2025 Freakier Friday
67%
Film 2003 Freaky Friday
67%
TV Show 2003-2022 NCIS
67%
TV Show 1987 Saturday Night Live
67%
TV Show 2014, 2015, 2017, 2018 NCIS: New Orleans
33%
TV Show 1979 240-Robert
0%
TV Show 1975 Adam-12
0%
TV Show 1997 Adventures from the Book of Virtues
0%
TV Film 1987 After the Promise
0%
Documentary Mini-Series 2018 All or Nothing: The Michigan Wolverines
0%
TV Show 1976 All's Fair
0%
TV Film 2001 And Never Let Her Go
0%
Film 1979 Beyond the Poseidon Adventure
0%
Director 2002 Boston Public
0%
Film 1997 Casualties
0%
TV Mini-Series 1978-1979 Centennial
0%
TV Film 2011 Certain Prey
0%
TV Show 1995-1996 Charlie Grace
0%
Film 2004 Chasing Liberty
0%
TV Show 1996-2000 Chicago Hope
0%
Film 1991 Cold Heaven
0%
Film 1978 Comes a Horseman
0%
TV Film 2001 Crossfire Trail
0%
TV Show 1976 Delvecchio
0%
TV Film 1991 Dillinger
0%
TV Film 1977 Eleanor and Franklin: The White House Years
0%
TV Show 1975 Emergency!
0%
TV Show 2012 Family Guy
0%
Film 1998 Fear and Loathing in Las Vegas
0%
TV Show 1980-1982 Flamingo Road
0%
TV Film 2000 For All Time
0%
TV Film 1991 Fourth Story
0%
TV Mini-Series 1998 From the Earth to the Moon
0%
TV Film 1978 Getting Married
0%
TV Mini-Series 1981 Goliath Awaits
0%
TV Show 1993 Harts of the West
0%
Film 1999 I'll Remember April
0%
TV Film 1983 Intimate Agony
0%
TV Show 2003 JAG
0%
Documentary Series 2022 Joe Montana: Cool Under Pressure
0%
Film 2010 Justice League: Crisis on Two Earths
0%
TV Show 1976 Laverne & Shirley
0%
Film 1986 Let's Get Harry
0%
TV Film 1978 Little Mo
0%
Film 2002 Local Boys
0%
TV Film 1991 Long Road Home
0%
Film 1995 Magic in the Water
0%
TV Show 1987 Moonlighting
0%
Film 1994 Natural Born Killers
0%
TV Show 2024-Present NCIS: Origins
0%
Commercial 2013 NFL
0%
TV Film 1995 Original Sins
0%
TV Show 1973 Ozzie's Girls
0%
TV Show 1976 Police Story
0%
TV Show 1975, 1976 Police Woman
0%
TV Film 1984 Prince of Bel Air
0%
TV Show 1991-1993 Reasonable Doubts
0%
TV Show 1977-1978 Sam
0%
TV Documentary 2019 Seize & Secure: The Battle for La Fière
0%
TV Film 1991 Shadow of a Doubt
0%
Short Film 1975 Sonic Boom
0%
Film 1988 Stealing Home
0%
TV Show 1983-1986 St. Elsewhere
0%
TV Show 1996 Strangers
0%
Film 1987 Summer School
0%
TV Film 1989 Sweet Bird of Youth
0%
Film 2000 The Amati Girls
0%
TV Mini-Series 1986 The Deliberate Stranger
0%
TV Mini-Series 1980 The Dream Merchants
0%
Film 1997 The First to Go
0%
TV Show 1977 The Hardy Boys/Nancy Drew Mysteries
0%
Film 1995 The Last Supper
0%
TV Show 2001 The Legend of Tarzan
0%
TV Show 1979, 1983 The Love Boat
0%
TV Show 1973, 1980 The Merv Griffin Show
0%
TV Show 1979 The Mike Douglas Show
0%
Film 1988 The Presidio
0%
TV Show 2002 The West Wing
0%
Film 1991 Till There Was You
0%
Film 1984 Tuareg: The Desert Warrior
0%
Film 2009 Weather Girl
0%
Film 1989 Worth Winning
0%
Film 1994 Wyatt Earp
0%
No matching quizzes found
Score Distribution
Percent of People with Each Score
Percentile by Number Answered
Your Score History
You have not taken this quiz since the last reset